Bibliothèque du comité de législation étrangère (Record no. 33213)

MARC details
000 -LEADER
campo de control de longitud fija 00541nam a2200169 i 4500
001 - NÚMERO DE CONTROL
campo de control 33213
003 - IDENTIFICADOR DE NÚMERO DE CONTROL
campo de control ES-MaACL
005 - FECHA Y HORA DE LA ÚLTIMA TRANSACCIÓN
campo de control 20230906154722.0
007 - CAMPO FIJO DE DESCRIPCIÓN FÍSICA--INFORMACIÓN GENERAL
campo de control de longitud fija t|
008 - DATOS DE LONGITUD FIJA--INFORMACIÓN GENERAL
campo de control de longitud fija 030201s1879 fr ||||1| fre d
245 00 - MENCIÓN DEL TÍTULO
Título Bibliothèque du comité de législation étrangère
Resto del título : catalogue Juillet 1879.
260 ## - PUBLICACIÓN, DISTRIBUCIÓN, ETC.
Lugar de publicación, distribución, etc. Paris :
Nombre del editor, distribuidor, etc. [s.n.,
Fecha de publicación, distribución, etc. 1879] (
Fabricante Imp. Nationale)
300 ## - DESCRIPCIÓN FÍSICA
Extensión XXVIII, 318 p. ;
Dimensiones 25 cm.
500 ## - NOTA GENERAL
Nota general Precede al tít.: Ministère de la Justicie.
710 1# - ENTRADA AGREGADA--NOMBRE DE ENTIDAD CORPORATIVA
Nombre de entidad corporativa o nombre de jurisdicción como elemento de entrada France.
Unidad subordinada Ministère de la justice.
9 (RLIN) 4156
852 ## - LOCALIZACIÓN
Ubicación ES-MaACL
Número de control de estantería A-118
Holdings
Estatus retirado Estado de pérdida Estado de daño No para préstamo Colección Biblioteca de origen Biblioteca actual Ubicación en estantería Fecha de adquisición Fuente de adquisición Total de préstamos Signatura topográfica completa Código de barras Visto por última vez Precio de reemplazo Tipo de ítem Koha
        Libros del s. XIX Biblioteca del Ateneo de Madrid Biblioteca del Ateneo de Madrid Sala Pecera Planta 1 17/01/2008     A-118 1034529 23/02/2023 23/02/2023 Libro impreso antiguo